Chapman Library

African traditional religion in biblical perspective / (Record no. 852)

000 -LEADER
fixed length control field 00473cam a2200157 a 4500
020 ## - INTERNATIONAL STANDARD BOOK NUMBER
ISBN 9966253548
050 00 - LIBRARY OF CONGRESS CALL NUMBER
Classification number BR128.A16
100 1# - MAIN ENTRY--AUTHOR NAME
Personal name Gehman, Richard J.,
245 10 - TITLE STATEMENT
Title African traditional religion in biblical perspective /
250 ## - EDITION STATEMENT
Edition statement Rev. ed.
260 ## - PUBLICATION, DISTRIBUTION, ETC. (IMPRINT)
Place of publication Nairobi :
Name of publisher East African Educational Publishers,
Year of publication 2005.
300 ## - PHYSICAL DESCRIPTION
Number of Pages xv, 424 p. ;
650 #0 - SUBJECT ADDED ENTRY--TOPICAL TERM
Topical Term Christianity and other religions
856 41 - ELECTRONIC LOCATION AND ACCESS
Uniform Resource Identifier http://www.loc.gov/catdir/toc/fy0903/2008349615.html
942 ## - ADDED ENTRY ELEMENTS (KOHA)
Koha item type Books
Holdings
Koha item type Collection code Shelving location Accession Number Permanent Location Current Location Date acquired Full call number
BooksReferenceReference1478Chapman LibraryChapman Library2016-05-06BL2400geh


CSUC Chapman Library is a Koha Automated Library.


Contact us: library@csuc.edu.gh.